000 00252nam a2200109Ia 4500
008 190216s9999||||xx |||||||||||||| ||und||
100 _aRaja P K S
245 0 _aMediaevel Kerala
260 _bThe Nava Kerala Pub Ltd.
650 _aHistory
942 _cBK
999 _c18620
_d18620